DISEÑO Y PLANIFICACIÓN DE EDIFICIO DE USOS MÚLTIPLES Y MURO DE CONTENCIÓN DEL PUESTO DE SALUD EN LA ALDEA COOPERATIVA SECHAJ DEL MUNICIPIO DE RAXRUHÁ DEL DEPARTAMENTO ALTA VERAPAZ./ (Registro nro. 2103)
[ vista simple ]
| 000 -LEADER | |
|---|---|
| campo de control de longitud fija | 03727nam a22003377a 4500 |
| 001 - NÚMERO DE CONTROL | |
| campo de control | TIC 0013 |
| 003 - IDENTIFICADOR DE NÚMERO DE CONTROL | |
| campo de control | gtcocun |
| 005 - FECHA Y HORA DE LA ÚLTIMA TRANSACCIÓN | |
| campo de control | 20250923183914.0 |
| 006 - CÓDIGOS DE INFORMACIÓN DE LONGITUD FIJA--CARACTERÍSTICAS DEL MATERIAL ADICIONAL | |
| campo de control de longitud fija | a||||gr|||| 00| 0 |
| 007 - CAMPO FIJO DE DESCRIPCIÓN FÍSICA--INFORMACIÓN GENERAL | |
| campo de control de longitud fija | ta |
| 008 - DATOS DE LONGITUD FIJA--INFORMACIÓN GENERAL | |
| campo de control de longitud fija | 250923b2022 gt ||||| m||| 00| 0 eng d |
| 040 ## - FUENTE DE CATALOGACIÓN | |
| Centro catalogador/agencia de origen | gtcocun |
| Lengua de catalogación | SPA |
| Centro/agencia transcriptor | gtcocun |
| Normas de descripción | RDA |
| 041 ## - CÓDIGO DE IDIOMA | |
| Código de lengua del texto/banda sonora o título independiente | SPA TIC 0013 |
| 084 ## - OTRO NÚMERO DE CLASIFICACIÓN | |
| Número de control del registro de autoridad o número normalizado | TIC 0013 |
| 100 ## - ENTRADA PRINCIPAL--NOMBRE DE PERSONA | |
| Nombre de persona | Paque López, Catalina |
| Término indicativo de función/relación | Autor |
| 245 ## - MENCIÓN DEL TÍTULO | |
| Título | DISEÑO Y PLANIFICACIÓN DE EDIFICIO DE USOS MÚLTIPLES Y MURO DE CONTENCIÓN DEL PUESTO DE SALUD EN LA ALDEA COOPERATIVA SECHAJ DEL MUNICIPIO DE RAXRUHÁ DEL DEPARTAMENTO ALTA VERAPAZ./ |
| Resto del título | Catalina Paque López. |
| Medio | Impreso |
| 264 ## - PRODUCCIÓN, PUBLICACIÓN, DISTRIBUCIÓN, FABRICACIÓN Y COPYRIGHT | |
| Producción, publicación, distribución, fabricación y copyright | Cobán, Alta Verapaz: |
| Nombre del de productor, editor, distribuidor, fabricante | Universidad de San Carlos de Guatemala, Centro Universitario del Norte, Ingeniería Civil |
| Fecha de producción, publicación, distribución, fabricación o copyright | 2022 |
| 300 ## - DESCRIPCIÓN FÍSICA | |
| Extensión | 233 p.: |
| Otras características físicas | Ilustraciones, gráficas. |
| Dimensiones | 28 cm; |
| 300 ## - DESCRIPCIÓN FÍSICA | |
| Dimensiones | |
| 336 ## - TIPO DE CONTENIDO | |
| Fuente | rdacontenido |
| Término de tipo de contenido | Texto |
| Código de tipo de contenido | txt |
| 337 ## - TIPO DE MEDIO | |
| Fuente | rdamedio |
| Nombre/término del tipo de medio | Computadora |
| Código del tipo de medio | n |
| 338 ## - TIPO DE SOPORTE | |
| Fuente | rdasoporte |
| Nombre/término del tipo de soporte | Código en línea |
| Código del tipo de soporte | cr |
| 502 ## - NOTA DE TESIS | |
| identificador de la tesis | TIC 0013 |
| 502 ## - NOTA DE TESIS | |
| Nota de tesis | Tesis de grado |
| Tipo de título | Ingeniería Civil, |
| Nombre de la institución que otorga el título | Universidad de San Carlos de Guatemala, Centro Universitario del Norte, Ingeniería Civil |
| Año de obtención del título | 2022 |
| Identificador de la tesis | TIC 0013 |
| 520 14 - RESUMEN, ETC. | |
| Sumario, etc. | El Ejercicio Profesional Supervisado -EPS- forma parte del pensum de la carrera de<br/>ingeniería civil y este se llevó a cabo en la municipalidad de Raxruhá, del departamento de Alta Verapaz, con la finalidad de conocer las necesidades básicas del municipio y así<br/>brindar la oportunidad de contribuir con el desarrollo del país en la implementación de proyectos de obras de infraestructura.<br/><br/>Para su desarrollo se dividió en dos fases. La primera es la fase de investigación, que<br/>contiene la descripción de las actividades y funciones principales de la Municipalidad de Raxruhá, el estudio preliminar de un diagnóstico y la monografía del municipio, su ubicación, geografía, vías de acceso, características socioeconómicas y las necesidades encontradas de los servicios básicos e infraestructura.<br/><br/>La segunda es la fase del diseño y soluciones dadas a las necesidades encontradas, para ello se describen dos necesidades de infraestructuras. Para la primera necesidad se realizó el diseño de un edificio de usos múltiples de dos plantas en la aldea cooperativa Sechaj<br/>ubicado al oeste del municipio, área de construcción de 886.00 metros cuadrados, que consistió en el predimensionamiento, análisis y diseño estructural de cada elemento que conforma la edificación con capacidades de tolerar las cargas integradas, muros de mampostería, servicios e instalaciones, para promover un lugar adecuado para converger,<br/>acceso a la educación y actividad sociocultural.<br/><br/>La segunda necesidad fue identificada la inestabilidad de un talud adyacente al puesto de salud de la misma aldea, por lo que se diseñó una obra de retención tipo voladizo de concreto armado de 56.00 metros lineales que soportará un talud de 3.00 metros de altura esto consistió en el predimensionamiento, análisis de cargas y presión, diseño de elementos<br/>estructurales y un sistema de drenaje adecuado. Para ambos proyectos se desarrollan las actividades realizadas de investigación de campo, análisis estructural, diseño estructural,<br/>diseño de instalaciones y obras complementarias; así como también los planos constructivos, presupuesto y cronogramas. |
| 650 14 - PUNTO DE ACCESO ADICIONAL DE MATERIA--TÉRMINO DE MATERIA | |
| Fuente del encabezamiento o término | LEMB |
| Término de materia o nombre geográfico como elemento de entrada | Raxruhá, Alta Verapaz. |
| Subdivisión general | Ingeniería |
| -- | Raxruhá |
| -- | Edificio |
| -- | Infrastructura |
| -- | Instalaciones |
| -- | Necesidad |
| 700 ## - ENTRADA AGREGADA--NOMBRE PERSONAL | |
| Nombre de persona | Ing. Civil Marlon Alexander Moran Castro |
| Término indicativo de función/relación | Asesor |
| 856 ## - LOCALIZACIÓN Y ACCESO ELECTRÓNICOS | |
| Identificador Uniforme de Recurso | <a href="https://drive.google.com/file/d/1pgU9QSAvq6YK1XelbhPCXdAuUtPKs1Pk/view">https://drive.google.com/file/d/1pgU9QSAvq6YK1XelbhPCXdAuUtPKs1Pk/view</a> |
| Texto de enlace | |
| Nota pública | Un ejemplar en línea. |
| 942 ## - ELEMENTOS DE ENTRADA SECUNDARIOS (KOHA) | |
| Fuente de la clasificación o esquema de estantería | Clasificación Decimal Dewey |
| Tipo de ítem Koha | TESIS |
| Parte de la signatura que identifica el ejemplar (Parte del ítem) | TIC 0013 |
| Prefijo de la signatura | Clasificación |
| Suprimir en OPAC | No |
| -- | TIC_0013_000000000000000 |
| Estatus retirado | Estado de pérdida | Fuente de la clasificación o esquema de estantería | Estado de daño | No para préstamo | Colección | Biblioteca de origen | Biblioteca actual | Ubicación en estantería | Fecha de adquisición | Número de inventario | Total de préstamos | Signatura topográfica completa | Código de barras | Visto por última vez | Precio de reemplazo | Tipo de ítem Koha |
|---|---|---|---|---|---|---|---|---|---|---|---|---|---|---|---|---|
| Clasificación Decimal Dewey | tesis | BIBLIOTECA- CUNOR -JOSÉ LUIS GONZALES ROSALES | BIBLIOTECA- CUNOR -JOSÉ LUIS GONZALES ROSALES | Colección tesis | 16/09/2025 | TIC 0013 | TIC 0013 | TIC 0013 | 16/09/2025 | 16/09/2025 | TESIS |